000 00429nam a22001697a 4500
005 20251108163341.0
008 250721s1996 xx 000 0 ara d
082 1 4 _a216,23/شبا
100 1 _aالشباطات، محمود مزعل
245 1 0 _aفي رحاب رمضان /
264 _c1996.
300 _a187ص
650 1 7 _aالصوم
700 1 _aالأيوبي، محمد هشام
942 _2ddc
_cBK
999 _c456
_d456